Every 100k+ City in Cascadia Megalopolis on a Map - Statistics

General Stats
  • This quiz has been taken 363 times
  • The average score is 10 of 16
Answers on the Map
Answers color-coded by a green-red scale on the quiz's map according to % correct below.
 
Answer Stats
Population City % Correct
3.05 mil Seattle
99%
2.26 mil Vancouver
99%
1.84 mil Portland
97%
349K Boise
92%
387k Spokane
86%
176k Olympia
82%
335k Victoria
81%
236k Salem
80%
247k Eugene
79%
129k Yakima
50%
114k Bellingham
47%
151k Nampa
45%
210k Kennewick
36%
121k Abbotsford
29%
198k Bremerton
25%
145k Marysville
16%
No matching quizzes found
Score Distribution
Percent of People with Each Score
Percentile by Number Answered
Your Score History
You have not taken this quiz